000 00391nmm a2200145Ia 4500
008 251105s9999||||xx |||||||||||||||||und||
041 _aspa
100 _aKürthy, Ildikó von
245 0 _aTarifa nocturna
264 _a[Madrid, España] :
_bEdiciones B,
_c2015
300 _a140 páginas
650 _aRomance
856 _uhttps://public.digitaliapublishing.com/a/53282
942 _cCF
999 _c105663
_d105663